Monitoring the agrarian change through household panels: VLS approach (Record no. 73093)

000 -LEADER
fixed length control field 00492pab a2200193 454500
008 - FIXED-LENGTH DATA ELEMENTS--GENERAL INFORMATION
fixed length control field 180718b2006 xxu||||| |||| 00| 0 eng d
100 ## - MAIN ENTRY--PERSONAL NAME
Personal name Rao, K.P.C.
245 ## - TITLE STATEMENT
Title Monitoring the agrarian change through household panels: VLS approach
260 ## - PUBLICATION, DISTRIBUTION, ETC.
Date of publication, distribution, etc. 2006
300 ## - PHYSICAL DESCRIPTION
Extent p.439-55.
362 ## - DATES OF PUBLICATION AND/OR SEQUENTIAL DESIGNATION
Dates of publication and/or sequential designation Dec
650 ## - SUBJECT ADDED ENTRY--TOPICAL TERM
Topical term or geographic name entry element Households
650 ## - SUBJECT ADDED ENTRY--TOPICAL TERM
Topical term or geographic name entry element Agrarian structure
700 ## - ADDED ENTRY--PERSONAL NAME
Personal name Uma Devi, K.
700 ## - ADDED ENTRY--PERSONAL NAME
Personal name Charyulu, D. Kumar
773 ## - HOST ITEM ENTRY
Main entry heading Asian Economic Review
908 ## - PUT COMMAND PARAMETER (RLIN)
Put command parameter N
909 ## -
-- 73093
Holdings
Withdrawn status Lost status Damaged status Not for loan Permanent Location Current Location Date acquired Serial Enumeration / chronology Barcode Date last seen Price effective from Koha item type
        Indian Institute of Public Administration Indian Institute of Public Administration 2018-07-19 Volume no: 48, Issue no: 3 AR73553 2018-07-19 2018-07-19 Articles

Powered by Koha